LEADER 01445nam a2200301 i 4500 001 000000168743 003 CaOOAMICUS 005 20080124000000.0 008 080124s2006 sp u000 u spa u 013 $a146145 020 $a84-96135-15-2 040 $aSeMil$bita 245 10$aCatálogo del Archivio del monasterio Santo Domingo de Silos /$cMiguel C. Vivancos, O.S.B. 260 $aSanto Domingo de Silos :$bAbadía de Silos,$c2006. 260 $a[Valladolid] :$bJunta de Castilla y Leon,$c2006. 300 $a453 p. :$b[6] p. di tav., ill. ;$c24 cm. 490 0 $aStudia Silensia ;$v29. 500 $aContiene : Bibliografía (pp. 305-310). 650 4$aSanto Domingo de Silos - Monastero - Archivio.$0(OLS)http://semarc/subject/32197 700 1 $aVivancos Gomez, Miguel C.,$c.$0(OLS)http://semarc/name/23902 830 0$aStudia Silensia [Abadia de Silos] ;$v29.$0(OLS)http://semarc/title/369 850 $aSeMil 852 $aSeMil$W1$xVenegono$y1$m3C III 29$j119763$B119763$CSeMilBibl$Z2$F130825 $81 961 $aCambio: Scuola Cattolica 996 $6020$a84-96135-15-2$9(OLS)http://semarc/number/155565 996 $6245$aCatálogo del Archivio del monasterio Santo Domingo de Silos$9(OLS)http://semarc/title/241404 996 $6260$a[Valladolid] :$bJunta de Castilla y Leon$9(OLS)http://semarc/publisher/48794 996 $6260$aSanto Domingo de Silos :$bAbadía de Silos$9(OLS)http://semarc/publisher/29723 LEADER 01016nam a2200253 i 4500 001 000000099396 003 CaOOAMICUS 005 20171020000000.0 008 171020s2006 it u000 u ita u 013 $a71548 040 $aSeMil$bita 100 1 $aBoyne, John.$0(OLS)http://semarc/name/92609 240 14$aThe boy in the striped pyjamas.$0(OLS)http://semarc/title/406484 245 13$aIl bambino con il pigiama a righe /$cJohn Boyne ; traduzione di Patrizia Rossi. 260 $aMilano :$bSan Paolo,$c2006. 300 $a239 p. ;$c18 cm. 490 0 $aCollezione oro ;$v8 700 1 $aRossi, Patrizia.$0(OLS)http://semarc/name/92610 830 0$aCollezione oro ;$v8.$0(OLS)http://semarc/title/35139 850 $aSeMil 852 $aSeMil$W1$xVenegono$y1$m1V II 332$j56906$B56906$CSeMilBibl$Z2$F66907 $81 961 $aOmaggio: Delpini mons. Mario 996 $6245$aIl bambino con il pigiama a righe$9(OLS)http://semarc/title/406483 996 $6260$aMilano :$bSan Paolo$9(OLS)http://semarc/publisher/31226